[Event "BL 2016-17"]
[Site "Germany"]
[Date "2017.03.19"]
[Round "10"]
[White "Adams, Michael"]
[Black "Miton, Kamil"]
[Result "1-0"]
[WhiteElo "2761"]
[BlackElo "2617"]
[Annotator "TA"]
[PlyCount "101"]
[EventDate "2017.??.??"]
[EventType "team-tourn"]
[EventCountry "GER"]
[SourceTitle "playchess.com"]
[Source "ChessBase"]
[SourceQuality "1"]
[WhiteTeam "Baden-Baden"]
[BlackTeam "Hamburger SK"]

{[%evp 15,101,37,48,43,42,43,38,46,54,37,45,47,78,49,54,60,69,66,70,58,58,38,46,39,43,40,53,44,55,52,72,59,68,68,62,41,47,33,60,36,35,30,140,140,126,110,118,116,172,172,170,160,236,224,325,319,418,429,591,570,856,839,4856,4810,1261,762,762,250,754,754,1047,498,754,754,739,735,735,719,695,660,29974,29975,29975,29976,29976,29977,29976,29976]} 1. e4 e5 2. Nf3 Nc6 3. Bb5 a6 4. Ba4 Nf6 5. O-O Be7 6. d3 d6 7. c3 O-O 8. Re1 Nd7 9. Be3 {C84: Closed Ruy Lopez: Unusual White 6th moves} (9. d4 exd4 10. cxd4 Nb6 11. Bb3 Bg4 12. Nc3 Kh8 13. Be3 f5 14. exf5 Bf6 15. Ne4 Bxf3 16. Qxf3 Nxd4 17. Bxd4 Bxd4 {1-0 (24) Ragger,M (2697)-Hansen,E (2603) Wijk aan Zee 2017}) 9... Bf6 10. Nbd2 {[%cal Bb1d2,Bd2f1,Bf1g3][%mdl 32]} b5 $146 (10... Ne7 11. Nf1 Ng6 12. Ng3 Nc5 13. Bc2 Ne6 14. Nf5 Ngf4 15. g3 g6 16. Nh6+ Kg7 17. Ng4 Nh3+ 18. Kf1 Bg5 19. Nxg5 Nexg5 20. f4 f5 21. Nf2 {½-½ (21) Grandelius,N (2547)-Gunnarsson,A (2441) Reykjavik 2014}) 11. Bc2 {White is slightly better.} Bb7 12. Nf1 Ne7 13. Ng3 g6 14. d4 Bg7 15. Qd2 Nc8 16. Bg5 f6 17. Bb3+ Kh8 $1 18. Bh6 Ncb6 19. h4 {[%cal Bh2h4,Bh4h5,Bh5h6][%mdl 32]} Qe7 20. h5 {[#] Hoping for hxg6.} Bxh6 21. Qxh6 {Strongly threatening Nh4.} Qg7 22. Qd2 f5 23. Qg5 $36 {[%mdl 2048] And now dxe5 would win. White has some pressure.} f4 24. h6 $1 {[%cal Rh6g7]} Qf6 25. Nf1 a5 26. a4 (26. Qxf6+ $5 {seems wilder.} Nxf6 27. dxe5 Nxe4 28. Bc2 Nc5 29. Ng5) 26... Nxa4 27. Bxa4 bxa4 28. Rxa4 exd4 (28... Qxg5 $11 29. Nxg5 Rfe8) 29. cxd4 $16 ({But not} 29. Rxd4 $6 Rfe8 $11) 29... c5 30. N1d2 Bc6 31. Ra3 Qxg5 (31... a4 $16) 32. Nxg5 $18 cxd4 33. Rd3 ({Don't take} 33. Ndf3 Ne5 $14) 33... Rab8 (33... Nf6 $16 {was worth a try.} 34. Rxd4 d5) 34. Rxd4 Rxb2 (34... Rf6 {was necessary.} 35. Rc1 Ne5) 35. Rc1 Ne5 36. Rxd6 a4 {intending ...a3.} 37. Ndf3 Nxf3+ 38. gxf3 Be8 39. Rc7 Rb5 40. Rxh7+ Kg8 41. Rg7+ Kh8 42. Nh7 ({Weaker is} 42. Ne6 Rf6 43. e5 Rxe5 $18) 42... Rf7 43. Nf6 (43. Rxf7 $142 {Intending Rd8 and mate.} Bxf7 44. Nf6) 43... Rg5+ (43... Rxg7 $142 44. hxg7+ Kxg7) 44. Kh2 {[%csl Gf6][%cal Rg7g8] [#]} Rxg7 45. hxg7+ Kxg7 46. Nxe8+ {KRN-KR} Kf7 47. Nc7 Ra5 48. Rd5 {White mates.} Rxd5 49. Nxd5 a3 50. Nc3 Kf6 51. Kg2 1-0

[Event "BL 2016-17"]
[Site "Germany"]
[Date "2017.03.19"]
[Round "10"]
[White "Eljanov, Pavel"]
[Black "Bischoff, Klaus"]
[Result "1-0"]
[WhiteElo "2751"]
[BlackElo "2500"]
[Annotator "TA"]
[PlyCount "105"]
[EventDate "2017.??.??"]
[EventType "team-tourn"]
[EventCountry "GER"]
[SourceTitle "playchess.com"]
[Source "ChessBase"]
[SourceQuality "1"]
[WhiteTeam "TU Dresden"]
[BlackTeam "Bayern München"]

{[%evp 23,105,65,64,43,51,51,59,63,46,51,49,46,48,50,49,46,64,36,40,16,25,-14,-17,-33,9,1,33,10,4,9,14,0,6,0,14,-32,0,0,0,0,5,25,61,55,48,45,61,55,49,55,50,52,65,55,43,12,88,91,196,190,172,192,197,214,199,214,188,189,341,342,330,330,282,278,252,240,1888,1703,2033,1932,1829,973,6323,5721]} 1. e4 Nf6 2. e5 Nd5 3. d4 d6 4. Nf3 Bg4 5. Be2 e6 6. O-O Be7 7. c4 Nb6 8. Nc3 O-O 9. Be3 N8d7 10. exd6 cxd6 11. b3 a6 {B05: Alekhine's Defence: 4 Nf3 Bg4} (11... Nf6 12. Rc1 Nbd7 13. Qd2 Rc8 14. Rfd1 a6 15. h3 Bh5 16. Bf4 Re8 17. Bh2 Bf8 18. a3 Qb6 19. Qb2 Qd8 {0-1 (68) Bok,B (2598)-Tomashevsky,E (2716) Doha 2016}) 12. h3 Bh5 {LiveBook: 4 Games} 13. Qd2 Bg6 {White is slightly better.} 14. Rfd1 Nf6 15. Rac1 $146 (15. d5 exd5 16. Qd4 Nc8 17. Nxd5 Nxd5 18. Qxd5 Rb8 19. Bd3 Bf6 20. Bxg6 hxg6 {1-0 (59) Chiburdanidze,M (2355)-Bischoff,K (2445) Dortmund 1983}) 15... Re8 16. Qe1 h6 17. Nd2 Nbd7 18. Bf3 Rb8 19. b4 e5 20. d5 Rc8 21. Qf1 Nh7 22. Nb3 f5 {[%cal Bf7f5,Bf5f4][%mdl 32]} 23. Na5 f4 24. Bd2 Rc7 25. Be4 Bxe4 26. Nxe4 Ndf6 27. Qd3 Bf8 28. f3 Nxe4 29. fxe4 g5 30. Be1 Rg7 31. c5 g4 32. hxg4 Qg5 33. Qh3 $1 Qg6 34. Qh5 Qxh5 35. gxh5 Nf6 36. Bh4 Nxe4 {[%cal Rd6c5]} 37. Rc4 Ng5 $1 {[%cal Rg5f3]} 38. Bxg5 hxg5 39. c6 $36 {[%mdl 2048] White has good play.} b6 (39... b5 $1 $11 40. Rc2 Rh7) 40. Nb3 $16 Kh7 {[#]} (40... b5 $16 41. Rcc1 Rc7) 41. g4 $1 $18 ({Less strong is} 41. c7 Rc8 $14) 41... fxg3 42. Nd2 Rf7 43. Ne4 Kh6 44. Nxg3 b5 45. Re4 Be7 $2 (45... Ra8 {was necessary.} 46. Rf1 Rf4) 46. Rf1 Rxf1+ 47. Kxf1 {[%mdl 4096] Endgame KRB-KRN} Rf8+ 48. Ke2 Bd8 {[#]} 49. Rg4 $1 Rf4 $2 (49... Rh8 50. Nf5+ Kxh5) 50. Rxf4 {White is clearly winning.} exf4 51. Nf5+ Kxh5 52. Nxd6 g4 53. Ne4 1-0

[Event "BL 2016-17"]
[Site "Germany"]
[Date "2017.03.19"]
[Round "10"]
[White "Navara, David"]
[Black "Tomashevsky, Evgeny"]
[Result "1-0"]
[WhiteElo "2728"]
[BlackElo "2701"]
[Annotator "TA"]
[PlyCount "109"]
[EventDate "2017.??.??"]
[EventType "team-tourn"]
[EventCountry "GER"]
[SourceTitle "playchess.com"]
[Source "ChessBase"]
[SourceQuality "1"]
[WhiteTeam "Mülheim Nord"]
[BlackTeam "Hockenheim"]

{[%evp 30,109,0,-10,58,56,45,39,107,107,115,114,120,108,97,115,116,116,154,151,165,167,166,163,189,181,198,196,182,188,214,167,245,174,174,167,168,168,169,53,191,176,189,196,183,185,184,193,186,143,141,123,131,115,122,123,121,121,123,122,146,169,147,149,166,146,164,152,149,125,135,118,513,513,351,295,167,172,513,488,488,488]} 1. d4 Nf6 2. c4 e6 3. Nc3 Bb4 4. e3 c5 5. Nge2 cxd4 6. exd4 d5 7. c5 Ne4 8. Bd2 Nxd2 9. Qxd2 b6 10. a3 Bxc3 11. Nxc3 a5 {E42: Nimzo-Indian: Rubinstein: 4...c5 5 Ne2} 12. Bb5+ Bd7 13. O-O bxc5 14. dxc5 a4 15. Bxd7+ Qxd7 16. f4 {LiveBook: 3 Games. Black must now prevent f5.} d4 (16... O-O $11) (16... Qc6 17. Qd4 O-O 18. Na2 Na6 19. Rac1 Qb5 20. Rfd1 Rfc8 21. Rc2 Qb3 {0-1 (21) Saunders,S (2521)-Edwards,J (2549) ICCF email 2002}) 17. Ne4 $14 {aiming for Nd6+.} O-O $1 18. f5 $146 (18. Nd6 Nc6 19. f5 exf5 20. Rxf5 {1-0 (41) Karsa,L (2385)-Dory,J (2340) Budapest 1982}) 18... f6 ({Better is} 18... Qd5 $14 19. Rae1 Nd7) 19. fxe6 $16 Qxe6 20. Qxd4 Nc6 21. Qd3 $1 $36 {[%mdl 2048] White is really pushing.} Rab8 22. Rae1 Ne5 23. Qd4 $1 Qb3 24. Nd6 h6 25. Rf2 Ra8 26. Re3 Qe6 27. h3 Rfd8 28. Rc2 Ra7 29. Qe4 Kh8 30. Kh2 Rc7 (30... Qe7 {keeps fighting.} 31. Ree2 Rb8) 31. Rec3 Qd7 32. Rd2 Qc6 33. Rd5 {Rxe5 is the strong threat.} Rb8 34. Nc4 ({White should try} 34. Rc2 $18) 34... Nxc4 (34... Rd7 $1 $14 35. Nd6 (35. Nxe5 Qxd5 36. Ng6+ Kh7 37. Qxd5 Rxd5 $17) (35. Rxe5 Qc7 $14) 35... Qa8) 35. Rxc4 $18 Re8 36. Qd4 Rce7 37. Rd6 Qc7 38. Rxa4 Re4 39. Qd1 {And now Rxe4 would win.} Re2 40. Qd5 {Threatens to win with Ra8.} Rxb2 41. Ra8 Rxa8 42. Qxa8+ $16 {[%mdl 4096] Endgame KQR-KQR} Rb8 43. Qc6 Qxc6 44. Rxc6 {KR-KR} Ra8 45. Kg3 $1 Rxa3+ 46. Kf4 Kg8 {[#]} 47. Rc7 $1 Kf8 48. c6 Rc3 49. Kf5 Ke8 50. Ke6 {[%cal Rc7c8]} Kd8 $2 {[%mdl 8192]} (50... Re3+ $16 51. Kd6 (51. Kd5 Rd3+ 52. Kc5 Rc3+ 53. Kb6 Rb3+ 54. Kc5 Rc3+ 55. Kb6 Rb3+ 56. Ka7 Kd8 57. Rxg7 Kc8 $16) 51... Rd3+ 52. Kc5 Rc3+ 53. Kb6 Rb3+ 54. Ka7 Kd8 55. Rxg7 h5) 51. Rd7+ $18 ({Not} 51. Rxg7 Rxc6+ 52. Kf5 h5 $16) 51... Kc8 52. Rxg7 Rxc6+ 53. Kf5 Kd8 $2 {[#]} (53... h5 {is tougher.} 54. h4 Kd8) 54. Rh7 $1 Ke8 55. Rxh6 1-0

[Event "BL 2016-17"]
[Site "Germany"]
[Date "2017.03.19"]
[Round "10"]
[White "Vitiugov, Nikita"]
[Black "Fridman, Daniel"]
[Result "1/2-1/2"]
[WhiteElo "2720"]
[BlackElo "2598"]
[Annotator "TA RC"]
[PlyCount "188"]
[EventDate "2017.??.??"]
[EventType "team-tourn"]
[EventCountry "GER"]
[SourceTitle "playchess.com"]
[Source "ChessBase"]
[SourceQuality "1"]
[WhiteTeam "Hockenheim"]
[BlackTeam "Mülheim Nord"]

{[%evp 37,188,11,14,19,18,0,0,0,0,0,1,0,0,0,0,0,0,0,0,0,18,24,27,39,37,46,83,84,84,77,90,78,54,54,55,37,37,37,37,37,37,25,25,25,25,25,37,37,37,37,37,37,37,0,37,37,37,37,37,25,25,25,25,25,25,25,25,25,25,25,37,37,37,37,37,0,25,25,25,0,0,0,25,0,0,0,37,37,37,37,37,37,37,37,37,37,37,37,37,37,37,0,37,0,0,0,0,0,0,0,0,0,0,0,0,0,0,0,0,0,0,0,0,0,0,0,0,0,0,0,0,0,0,0,0,0,0,0,0,0,0,0,0,0,0,0,0,0,0,0,0,0,0]} 1. d4 Nf6 2. c4 e6 3. Nf3 d5 4. Nc3 Be7 5. Bg5 h6 6. Bh4 O-O 7. e3 Ne4 8. Bxe7 Qxe7 9. Rc1 c6 10. Be2 Nxc3 11. Rxc3 dxc4 12. Bxc4 Nd7 13. O-O b6 14. Bd3 c5 15. Qc2 {D56: Queen's Gambit Declined: Lasker Defence} (15. Be4 Rb8 16. Qa4 Nf6 17. Bc6 cxd4 18. Nxd4 e5 19. Nf3 Rd8 20. h3 a6 21. Rfc1 b5 22. Qa5 Be6 23. Qxa6 {½-½ (44) Svidler,P (2751)-Caruana,F (2807) Saint Louis 2016}) 15... Bb7 16. Bh7+ Kh8 17. Be4 cxd4 18. Nxd4 Bxe4 19. Qxe4 Nc5 {LiveBook: 5 Games} 20. Qc2 a5 21. Nb3 Nxb3 22. Qxb3 Qb7 23. Rfc1 $146 Rfc8 24. g3 Rxc3 25. Qxc3 $11 {[%mdl 4096] Endgame KQR-KQR} Rd8 26. Qc6 $36 {[%mdl 2048] Black is under pressure.} Qb8 27. b3 Rd2 28. a4 Qd8 29. Qc8 Kh7 {[#] White must now prevent ...Rd1+.} 30. Qxd8 Rxd8 {KR-KR} 31. Rc6 b5 32. axb5 Rd5 {[#]} 33. Rb6 $1 f5 34. Kg2 g5 35. h3 {[%cal Bh2h3,Bh3g4][%mdl 32]} h5 36. g4 fxg4 37. hxg4 h4 38. Rxe6 {aiming for Rb6.} Rxb5 39. Rf6 {Strongly threatening Rf5.} Rxb3 40. Rf5 Kg6 41. Rxa5 Rb4 42. Kh3 Rb3 43. Ra6+ Kf7 44. Ra4 Kg6 45. Ra6+ Kf7 46. Ra2 Kg6 47. Kg2 Rc3 48. Kf3 Rc4 49. Ra6+ Kg7 50. Re6 Ra4 51. Re4 Ra2 52. Re5 Kg6 53. Kg2 Ra4 54. Kh3 Ra3 55. Rf5 Rb3 56. Kg2 Ra3 57. Kh2 Ra2 58. Kg1 Ra1+ 59. Kg2 Ra3 60. Re5 Ra4 61. Kh3 Ra3 62. Re6+ Kg7 63. Rb6 Rc3 64. Rb2 (64. Rb5 $5 {creates asymmetry.} Kf6 65. Rf5+ Kg6 66. Rd5 Ra3 67. Rd6+) 64... Kg6 65. Kg2 Ra3 66. Re2 Rb3 67. Kh2 Rb4 68. Kh3 Rb3 69. Kg2 (69. Rc2 $5 {with more complications.} Kf6 70. Rd2 Kf7 71. Rd4 Kf6 72. Re4) 69... Ra3 70. f3 Ra4 {The position is equal.} 71. Kf2 Kf6 72. Rd2 Kg6 73. Rd6+ Kg7 74. Rd2 Kg6 75. Kg2 Ra3 76. e4 Kf6 77. Rd6+ Kg7 78. Rd2 Kf6 79. Rb2 Kg7 80. Kf2 Kf6 81. Rb6+ Kg7 82. Rb2 Kf6 83. Rc2 Kf7 84. Rc7+ Kf6 85. Rc6+ Kg7 86. e5 Ra5 87. Rc7+ Kg6 88. Re7 Ra2+ 89. Kg1 Ra1+ 90. Kg2 Ra2+ 91. Kh3 Re2 (91... Rf2 $5) 92. Re6+ Kg7 93. Re7+ Kg6 94. Re6+ Kg7 1/2-1/2

[Event "BL 2016-17"]
[Site "Germany"]
[Date "2017.03.19"]
[Round "10"]
[White "Rapport, Richard"]
[Black "Krassowizkij, Jaroslaw"]
[Result "1-0"]
[WhiteElo "2696"]
[BlackElo "2454"]
[Annotator "TA"]
[PlyCount "63"]
[EventDate "2017.??.??"]
[EventType "team-tourn"]
[EventCountry "GER"]
[SourceTitle "playchess.com"]
[Source "ChessBase"]
[SourceQuality "1"]
[WhiteTeam "Solingen"]
[BlackTeam "Griesheim"]

{[%evp 10,63,-2,-8,-4,-1,0,8,18,8,43,21,69,62,69,77,77,77,77,76,69,60,138,137,167,167,210,219,468,475,495,481,500,487,470,485,501,464,472,463,755,737,802,802,802,802,802,802,802,799,777,798,791,784,761,741]} 1. e4 e6 2. d4 d5 3. Nc3 Nf6 4. exd5 exd5 5. Bg5 Be7 6. Qd2 {LiveBook: 13 Games} h6 {C01: French: Exchange Variation} (6... O-O 7. O-O-O Nc6 8. h4 Bf5 9. Qf4 Bg6 10. Bxf6 Bxf6 11. Nf3 Re8 12. Bd3 Bxd3 13. Rxd3 Nb4 14. Re3 Rxe3 15. fxe3 {½-½ (50) Short,N (2678)-Harikrishna,P (2737) Douglas 2015}) 7. Bf4 Bf5 $146 (7... O-O 8. Bd3 Re8 9. O-O-O c6 10. h3 Be6 11. Re1 Nbd7 12. Nf3 b5 13. g4 b4 14. Nb1 {0-1 (50) Sorokina,A (2223)-Sedina,E (2416) Athens 2005}) 8. f3 Nc6 {The position is equal.} 9. g4 Be6 10. h4 Nd7 11. O-O-O a6 12. Qh2 Rc8 13. Nge2 Nb6 14. Bg3 Bd6 15. Nf4 Bxf4+ ({Black should play} 15... Qe7 $14) 16. Bxf4 $16 h5 17. Qg3 hxg4 18. fxg4 g5 $2 (18... Kd7 19. Bg2 Ra8) 19. Bxg5 $18 {White is clearly winning.} Qxg5+ 20. hxg5 Rxh1 {[#]} 21. g6 $1 {[%mdl 512]} fxg6 22. Qf3 Rh8 23. Qf6 Kd7 24. Re1 Rhe8 (24... Rce8 $142 25. Qg7+ (25. Rxe6 Rxe6 26. Qxh8 Re1+ 27. Kd2 Rxf1 $18) 25... Ne7) 25. Bh3 Re7 {[#]} 26. Rxe6 $1 {[%mdl 512]} Rxe6 27. g5 Rce8 28. Ne2 Kd6 29. Qf4+ Kd7 30. Qf7+ Kd6 31. Bxe6 Rxe6 32. Nf4 1-0

[Event "BL 2016-17"]
[Site "Germany"]
[Date "2017.03.19"]
[Round "10"]
[White "Bacrot, Etienne"]
[Black "Huschenbeth, Niclas"]
[Result "1/2-1/2"]
[WhiteElo "2695"]
[BlackElo "2581"]
[Annotator "TA"]
[PlyCount "105"]
[EventDate "2017.??.??"]
[EventType "team-tourn"]
[EventCountry "GER"]
[SourceTitle "playchess.com"]
[Source "ChessBase"]
[SourceQuality "1"]
[WhiteTeam "Baden-Baden"]
[BlackTeam "Hamburger SK"]

{[%evp 7,105,16,13,10,16,11,8,15,15,0,16,10,0,0,5,6,13,2,5,-14,19,15,28,14,11,22,8,0,0,0,4,0,0,-22,-31,-37,-14,-14,-11,-20,-3,-8,6,-7,0,-16,-18,-41,-44,-100,-48,-56,-23,-46,-40,-57,-56,-60,-54,-55,-36,-61,-53,-63,-45,-61,-20,-23,0,0,36,27,47,47,45,54,43,35,43,15,15,15,15,14,29,0,11,8,8,8,8,0,0,0,12,0,0,0,0,0]} 1. e4 c5 2. Nf3 d6 3. Bb5+ Nd7 4. O-O a6 5. Bd3 {B51: Sicilian: Moscow Variation (3 Bb5+) without 3...Bd7} Ngf6 6. Re1 e6 7. c3 b5 8. Bc2 c4 9. a4 Bb7 10. d4 cxd3 11. Qxd3 $146 (11. Bxd3 bxa4 12. Qxa4 Be7 13. h3 O-O 14. Be3 Qc7 15. Nbd2 Rfb8 16. Qa5 Bd8 17. Qxc7 Bxc7 18. b4 {½-½ (18) Nakamura,H (2785)-Vachier Lagrave,M (2796) Sharjah 2017}) 11... Nc5 12. Qe2 bxa4 13. Be3 {[#] Threatens to win with Bxc5.} Nfd7 14. Bd4 e5 15. Bxc5 Nxc5 16. c4 Be7 17. Nc3 O-O 18. Nxa4 Nxa4 19. Bxa4 Qb6 20. Qe3 Qxe3 21. Rxe3 Rac8 22. b3 g6 23. Rd1 Rc7 24. Nd2 f5 25. Ree1 Bd8 26. b4 Kg7 27. Bb3 Be7 28. Bc2 (28. exf5 $15 gxf5 29. Nf1) 28... Kf6 (28... fxe4 $17 {aiming for ...d5.} 29. Bxe4 Bxe4 30. Rxe4 Rb8) 29. Rb1 $15 h5 30. Bd3 Rb8 31. Rb3 Bc8 32. Kf1 Be6 33. Ra1 Rb6 34. b5 axb5 35. Rxb5 Rcb7 36. Rab1 Rxb5 (36... Bd8 $5 {seems wilder.} 37. g3 f4 38. Ra1 fxg3 39. hxg3 Bc7) 37. cxb5 d5 38. exd5 Bxd5 39. Bc4 $1 {[%cal Rc4d5]} Ke6 40. b6 Bc5 41. Rb5 Bxc4+ 42. Nxc4 $14 {[%mdl 4096] Endgame KRB-KRN} Bd4 43. h4 Kd7 $1 44. Rd5+ Kc6 45. Rd8 {[#] Na5+ is the strong threat.} Rg7 (45... Re7 $5 {feels hotter.} 46. Rb8 Rg7 47. Rc8+ Kb7 48. Re8 Bxb6 49. Nxe5 Rc7) 46. Rb8 Bxb6 {The position is equal.} 47. Nxe5+ Kd5 48. Rxb6 Kxe5 49. Ke2 g5 50. hxg5 {And now g3 would win.} Rxg5 51. Kf3 Rg4 52. Rb5+ Kf6 53. Rb6+ 1/2-1/2

[Event "BL 2016-17"]
[Site "Germany"]
[Date "2017.03.19"]
[Round "10"]
[White "Duda, Jan-Krzysztof"]
[Black "Wojtaszek, Radoslaw"]
[Result "1-0"]
[WhiteElo "2684"]
[BlackElo "2745"]
[Annotator "TA"]
[PlyCount "79"]
[EventDate "2017.??.??"]
[EventType "team-tourn"]
[EventCountry "GER"]
[SourceTitle "playchess.com"]
[Source "ChessBase"]
[SourceQuality "1"]
[WhiteTeam "Hamburger SK"]
[BlackTeam "Baden-Baden"]

{[%evp 30,79,65,47,43,0,7,0,0,0,0,0,0,0,-28,-13,-6,-13,23,0,45,-14,21,0,74,76,63,85,126,117,124,120,110,111,126,108,90,7,4,18,5,10,280,280,418,418,929,892,29979,29980,29980,29983]} 1. e4 c5 2. Nf3 d6 3. Nc3 Nf6 4. d4 cxd4 5. Nxd4 a6 6. Be3 e5 7. Nb3 Be6 8. f3 Be7 9. Qd2 O-O 10. O-O-O Nbd7 11. g4 b5 12. g5 b4 13. Ne2 Ne8 14. f4 a5 {[%cal Ba6a5,Ba5a4][%mdl 32]} 15. f5 {B90: Sicilian Najdorf: Unusual White 6th moves, 6 Be3 Ng4 and 6 Be3 e5} a4 16. fxe6 {LiveBook: 172 Games} (16. Nbd4 $5 {is more complex.} exd4 17. Nxd4 b3 18. Kb1 bxc2+ 19. Nxc2 Bb3 20. axb3 axb3 21. Na3) 16... axb3 17. exf7+ {White is slightly better.} (17. cxb3 $5 {feels hotter.} fxe6 18. Bh3 Nc7 19. Kb1 d5 20. exd5 exd5 21. Bg2) (17. cxb3 fxe6 18. Ng3 Rf3 19. Kb1 Qa5 20. Bc4 Bxg5 21. a4 Nc5 22. Nf5 {½-½ (22) Hracek,Z (2613)-Ragger,M (2695) Germany 2015}) 17... Rxf7 18. Kb1 bxc2+ $1 (18... Rxa2 $2 19. Nc1 (19. Bh3 Ra1+ 20. Kxa1 Qa5+ 21. Kb1 Qa2+ 22. Kc1 Qa1#) 19... Qa8 20. Nxb3 $18) 19. Qxc2 Bxg5 20. Bxg5 Qxg5 21. Ng3 $1 {Black must now prevent Qc6.} Kh8 22. Bc4 Rf8 23. Nf5 Ndf6 $146 (23... Rc8 24. Qe2 Ndf6 25. Rhf1 {½-½ (25) Brunello,S (2460)-Zhou,J (2522) Yerevan 2006}) 24. h4 Qh5 25. Be6 ({Of course not} 25. Nxd6 Nxd6 26. Rxd6 Qf3 $15) (25. Rdf1 $14) 25... Ra7 26. Qf2 Rc7 (26... Ra8 $11 {remains equal.} 27. Qg2 g6 28. Nxd6 Nxd6 29. Rxd6 Rad8) 27. Ng3 $1 $16 {[%cal Rg3h5]} ({Reject} 27. Nxd6 Rc6 28. Nxe8 Qxe8 $15) 27... Qh6 {...Nd7 is the strong threat.} 28. Rdf1 g6 {[#]} 29. h5 $1 Ng7 30. hxg6 Qxg6 31. Bb3 Rcc8 32. Ka1 Qg5 33. Qe1 ({White should play} 33. Qf3 $16) 33... Ng4 $1 $11 {aiming for ...Rxf1.} 34. Nf5 Nxf5 35. exf5 Rc5 $2 {[%mdl 8192]} (35... Rxf5 $11 {and Black stays safe.} 36. Qb1 {[#]} e4 $1 {[%mdl 512]}) 36. Qxb4 $18 Rfc8 (36... Nf6 $142 37. Be6 Qg7) 37. a3 Ne3 (37... Nf6 $142 38. Be6 Rc1+ 39. Ka2 Rxf1 40. Rxf1 Rd8) 38. Rfg1 ({Worse is} 38. Qb7 R5c7 39. Qb6 Nxf1 40. Rxf1 Qd8 $17) 38... Qxf5 39. Qb7 {[%csl Gg1][%cal Rb7g7]} Ng4 {[#]} 40. Be6 $1 {[%mdl 512]} 1-0

[Event "BL 2016-17"]
[Site "Jenbach"]
[Date "2017.04.21"]
[Round "10"]
[White "Nisipeanu, Liviu-Dieter"]
[Black "Repka, Christopher"]
[Result "1-0"]
[WhiteElo "2680"]
[BlackElo "2455"]
[Annotator "TA"]
[PlyCount "109"]
[EventDate "2017.??.??"]
[EventCountry "AUT"]
[SourceTitle "playchess.com"]
[Source "ChessBase"]
[SourceQuality "1"]
[WhiteTeam "Jenbach"]
[BlackTeam "Bregenz"]

{[%evp 12,109,7,6,13,18,24,24,21,14,29,20,48,42,43,29,50,35,43,39,28,37,49,35,42,31,32,37,37,35,27,27,47,40,42,41,52,12,33,40,39,0,14,0,0,0,0,0,25,32,30,26,35,22,27,16,24,0,0,0,0,0,0,0,0,0,0,0,80,76,174,158,166,153,181,168,184,164,172,172,219,169,219,178,178,179,178,178,219,230,225,229,269,233,337,352,354,328,327,317]} 1. d4 Nf6 2. c4 e6 3. g3 Bb4+ 4. Nd2 c5 5. dxc5 Bxc5 6. Bg2 Nc6 7. Ngf3 {[%cal Bg1f3,Bf3g5,Bg5e4][%mdl 32] LiveBook: 14 Games. E00: Catalan Bogo-Indian (3 g3 Bb4+)} e5 $146 (7... d5 8. O-O O-O 9. a3 a5 10. b3 d4 11. b4 axb4 12. Nb3 Be7 13. Nfxd4 Nxd4 14. Nxd4 e5 15. Nc2 Be6 16. Bb2 Bxc4 17. Nxb4 Qxd1 18. Rfxd1 b5 19. e3 Rfe8 {½-½ (19) Chernin,A (2600)-Sokolov,I (2645) Austria 1995}) 8. O-O O-O 9. Ng5 {White has an edge.} d6 10. Nde4 Nxe4 11. Nxe4 Be6 12. b3 a5 13. Bb2 Bd4 14. Bxd4 exd4 15. Qd2 h6 {[#] Strongly threatening ...f5.} 16. e3 f5 17. exd4 {And now d5 would win.} ({Don't go for} 17. Bh3 $2 Bc8 18. Nxd6 Qxd6 $19) 17... fxe4 18. d5 Bf5 {Threatens to win with ...Ne5.} 19. dxc6 bxc6 20. Qd4 d5 21. Rad1 {[%cal Rc4d5]} Be6 22. cxd5 cxd5 23. f3 exf3 24. Rxf3 Rxf3 25. Bxf3 Rc8 26. Re1 Bf7 27. Bg4 Rc6 28. Bf5 g6 29. Bd3 (29. Bb1 $5 {seems wilder.} Qc7 30. Qd2 Qb6+ 31. Kg2 Rf6 32. Bd3) 29... Qb6 (29... Qc7 $5 {looks sharper.} 30. Re2 Rc1+ 31. Kg2 Rd1 32. Rf2 Qc1) 30. Qxb6 Rxb6 $11 {[%mdl 4096] Endgame KRB-KRB} 31. Re7 Rb4 32. Bc2 Kf8 33. Re2 d4 34. Rd2 g5 35. Kf1 Kg7 36. Ke1 Kf6 37. Rf2+ Ke7 38. Kd2 Be6 39. Kd3 Bc8 (39... Bf7 $11 {remains equal.}) 40. a3 $16 Ba6+ (40... Rb8 $16) 41. Ke4 $18 Bb7+ 42. Ke5 Rb5+ 43. Kxd4 Rd5+ 44. Kc4 Ke6 45. Be4 Ba6+ 46. Kc3 Rd1 47. Bf5+ Ke7 48. Bc2 Rh1 49. Be4 Re1 50. Kd4 Bc8 51. Bd5 Ra1 52. a4 Rd1+ (52... Be6 $142) 53. Kc5 Be6 54. Bxe6 Kxe6 55. Kb6 1-0

[Event "BL 2016-17"]
[Site "Germany"]
[Date "2017.03.19"]
[Round "10"]
[White "Movsesian, Sergei"]
[Black "Lampert, Jonas"]
[Result "1/2-1/2"]
[WhiteElo "2679"]
[BlackElo "2504"]
[Annotator "TA"]
[PlyCount "41"]
[EventDate "2017.??.??"]
[EventType "team-tourn"]
[EventCountry "GER"]
[SourceTitle "playchess.com"]
[Source "ChessBase"]
[SourceQuality "1"]
[WhiteTeam "Baden-Baden"]
[BlackTeam "Hamburger SK"]

{[%evp 5,41,-11,0,0,0,-12,-2,-10,-5,-10,1,-17,-16,-27,-19,-31,-16,-46,-43,-39,-40,-46,-11,-14,-13,-20,-17,-17,-17,-34,25,27,32,20,34,8,20,-21]} 1. Nf3 d5 2. g3 g6 3. c4 dxc4 4. Na3 {A09: Réti Opening: 1 Nf3 d5 2 c4} Bg7 5. Nxc4 Nc6 6. d3 e5 7. Bd2 Nge7 8. Bc3 $146 {[%cal Rf3e5]} (8. Bg2 O-O 9. O-O a5 10. b3 Be6 11. Rc1 Qd7 {1-0 (46) Pantsulaia,L (2607)-Carlsen,M (2840) Doha 2016}) 8... f6 9. Qb3 b6 10. h4 Be6 11. Bh3 Bxh3 12. Rxh3 Qd7 13. Rh1 Nf5 14. O-O-O Ncd4 15. Bxd4 (15. Nxd4 $5 {is interesting.} Nxd4 16. Bxd4 exd4 17. Kb1 O-O-O 18. Rc1) 15... Nxd4 16. Nxd4 exd4 17. Kb1 Qd5 (17... O-O-O $15) 18. h5 $11 O-O 19. hxg6 hxg6 20. Rh4 f5 21. Nd2 1/2-1/2